00343nam a2200133Ia 4500008004100000041001200041100001400053245006800067250000800135260003700143300000800180650000700188700001400195221030s9999 xx 000 0 und d aEnglish aA. Husain 0aFundamentals of electrical Engineeringcby A. Husain, H. Ashfaq a4th bDhanpat Rai PubaNew Delhic2013 a844 aEE aH. Ashfaq